| 000 | 00654nam a2200205 a 4500 | ||
|---|---|---|---|
| 005 | 20240910063812.0 | ||
| 008 | 010625s1999 ag r 000 0 spa d | ||
| 020 | _a9505180799 | ||
| 035 | _aUPN01000108898 | ||
| 049 | _aCG | ||
| 050 | 4 |
_aRC480.8 _bA5.318 |
|
| 100 | 1 | _aAnderson, Harlene | |
| 245 | 1 | 0 |
_aConversación, lenguaje y posibilidades : _bun enfoque posmoderno de la terapia / _cHarlene Anderson ; tr. Jorge Colapinto. |
| 260 |
_aBuenos Aires : _bAmorrortu, _c1999. |
||
| 300 | _a370 p. | ||
| 440 | 0 |
_aPsicologia. _pTerapia familiar |
|
| 650 | 4 |
_aRELACIONES PSICOTERAPEUTA-PACIENTE _925716 |
|
| 650 | 2 |
_aPostmodernismo _95929 |
|
| 905 | _aLibro | ||
| 999 |
_c82809 _d82809 |
||